| 000 | 00477nam a2200181Ia 4500 | ||
|---|---|---|---|
| 008 | 230917s9999||||xx |||||||||||||| ||und|| | ||
| 020 | _cRS530 | ||
| 040 |
_e227910 _aMAIN |
||
| 041 | _aEnglish | ||
| 082 | _a342.54 P192C(54) | ||
| 100 | _aPandey, J N | ||
| 245 | 0 | _aConstitutional law of India | |
| 250 | _a54th ed. | ||
| 260 |
_aAllahabad _bCentral Law Agency _c2017 |
||
| 300 | _alxiv, 839 p. | ||
| 500 | _a2086 26/08/2015 KB15/124 16/09/2015 Main Budget | ||
| 942 | _cBK | ||
| 999 |
_c15729 _d15729 |
||